| 000 | 01015nam a2200265 i 4500 | ||
|---|---|---|---|
| 001 | 77703 | ||
| 003 | ES-MaACL | ||
| 005 | 20230906173340.0 | ||
| 007 | t| | ||
| 008 | 041103s1999 pr ||||1| spa d | ||
| 020 | _a0-8477-0221-9 | ||
| 080 | _a82-93(729.5) | ||
| 100 | 1 |
_aSerra Deliz, Wenceslao. _9105630 |
|
| 245 | 1 | 0 |
_aEn las cavernas de Camuy _b: Terón y su maravilloso mundo subterráneo / _cWenceslao Serra Deliz; Nívea Ortiz Montáñez, ilustraciones ; José A. Martínez Oquendo, asesoría científica. |
| 250 | _a1ª ed. | ||
| 260 |
_aSan Juan de Puerto Rico : _bUniversidad de Puerto Rico, _c2001. |
||
| 300 |
_a[37] p. : _bil. ; _c23 x 27 cm. |
||
| 490 | 1 | _aColección San Pedrito | |
| 650 | 4 |
_aLiteratura infantil puertorriqueña. _914625 |
|
| 700 | 1 |
_aOrtiz Montáñez, Nívea. _987629 |
|
| 700 | 1 |
_aMartínez Oquendo, José A. _978285 |
|
| 830 | 0 |
_aColección San Pedrito _9183562 |
|
| 852 |
_aES-MaACL _jE-10231 _bR.134462 |
||
| 999 |
_c77703 _d77703 |
||